Southville International School and Colleges
Your cart is empty.
  • Cart
  • Lists
    Public lists Eva Luna New books Lux_list list_1
    Your lists Log in to create your own lists
  • Log in to your account
  • Your cookies
  • Search history
Southville International School and Colleges
  • Advanced search
  • Recent comments
  • Most popular
  • Libraries

Log in to your account

Log in with GOOGLE


If you do not have an external account, but do have a local account, you can still log in:

  1. Home
  2. MARC view: Mutiny on the H.M.S. Bounty /
Normal view MARC view ISBD view

Mutiny on the H.M.S. Bounty / (Record no. 7950)

[ view plain ]
MARC details
000 -LEADER
fixed length control field 00605nam a22002297a 4500
003 - CONTROL NUMBER IDENTIFIER
control field OSt
005 - DATE AND TIME OF LATEST TRANSACTION
control field 20140310181957.0
008 - FIXED-LENGTH DATA ELEMENTS--GENERAL INFORMATION
fixed length control field 130727t xxu||||| |||| 00| 0 eng d
020 ## - INTERNATIONAL STANDARD BOOK NUMBER
International Standard Book Number 1569870780
050 ## - LIBRARY OF CONGRESS CALL NUMBER
Classification number PZ 7
Item number .B648 1995
082 ## - DEWEY DECIMAL CLASSIFICATION NUMBER
Classification number KF
Item number B618m 1995
100 ## - MAIN ENTRY--PERSONAL NAME
Personal name Bligh, William
245 ## - TITLE STATEMENT
Title Mutiny on the H.M.S. Bounty /
Statement of responsibility, etc William Bligh.
260 ## - PUBLICATION, DISTRIBUTION, ETC. (IMPRINT)
Place of publication, distribution, etc Ohio :
Name of publisher, distributor, etc Landoll, Inc,
Date of publication, distribution, etc c1995.
300 ## - PHYSICAL DESCRIPTION
Extent 244 p.:
Dimensions 14 cm.
541 ## - IMMEDIATE SOURCE OF ACQUISITION NOTE
-- 1
541 ## - IMMEDIATE SOURCE OF ACQUISITION NOTE
-- 2
562 ## - COPY AND VERSION IDENTIFICATION NOTE
Number of copies 2
650 ## - SUBJECT ADDED ENTRY--TOPICAL TERM
Topical term or geographic name as entry element Children's literature.
9 (RLIN) 1986
650 ## - SUBJECT ADDED ENTRY--TOPICAL TERM
Topical term or geographic name as entry element Kiddie fiction.
9 (RLIN) 4183
942 ## - ADDED ENTRY ELEMENTS (KOHA)
Source of classification or shelving scheme Library of Congress Classification
Koha item type
Call number prefix
Holdings
Withdrawn status Lost status Source of classification or shelving scheme Damaged status Home library Current library Shelving location Date acquired Total Checkouts Full call number Barcode Date last seen Date checked out Copy number Price effective from Koha item type
    Library of Congress Classification   Luxembourg Library Luxembourg Library Kids Fiction Section 07/27/2013 1 PZ 7 .B648 1995 3618 05/27/2015 08/12/2014 1 07/27/2013 Books
    Library of Congress Classification   Luxembourg Library Luxembourg Library Kids Fiction Section 07/27/2013 1 PZ 7 .B648 1995 3619 05/27/2015 08/12/2014 2 07/27/2013 Books

Mutiny on the H.M.S. Bounty /

APA

Bligh W., . (1995). Mutiny on the H.M.S. Bounty. Ohio: Landoll, Inc.

Chicago

Bligh William, . 1995. Mutiny on the H.M.S. Bounty. Ohio: Landoll, Inc.

Harvard

Bligh W., . (1995). Mutiny on the H.M.S. Bounty. Ohio: Landoll, Inc.

MLA

Bligh William, . Mutiny on the H.M.S. Bounty. Ohio: Landoll, Inc. 1995.

  • Place hold
  • Print
  • Cite
  • Add to your cart (remove)
  • Save record
    BIBTEX Dublin Core MARCXML MARC (non-Unicode/MARC-8) MARC (Unicode/UTF-8) MARC (Unicode/UTF-8, Standard) MODS (XML) RIS
  • More searches
    Search for this title in:
    Other Libraries (WorldCat) Other Databases (Google Scholar) Online Stores (Bookfinder.com) Open Library (openlibrary.org)

Exporting to Dublin Core...

SOUTHVILLE LIBRARY

Southville International School and Colleges Library

1281 Tropical Ave. Cor. Luxembourg St., BF Homes International, Las Pinas City

Tel. No. 8256374 / 252358 Loc. 117/146

Powered by Koha